| 000 | 01118cab a2200337 4500 | ||
|---|---|---|---|
| 001 | ABS50463 | ||
| 008 | 090401t1994 xxu||||| |||| 00| 0 eng d | ||
| 035 | _a(Sirsi) u75898 | ||
| 041 | _aeng | ||
| 100 | _aWard, C. | ||
| 245 | _aCaring in the community | ||
| 260 | _c1994 | ||
| 350 | _a0 | ||
| 490 |
_aValuer (ISVA) _vMarch 1994, 7(1) |
||
| 520 | _aBriefly covers planning regulations, which allow for the establishment of care homes in residential areas, title restriction problems and the decision in "C&G Homes Ltd v SoS for Health" (1990) and registration under the Registered Homes Act 1984. | ||
| 650 | _aCARE HOMES | ||
| 650 | _aCARE IN THE COMMUNITY | ||
| 650 | _aCLASS C3 | ||
| 650 | _aCOMMUNITY CARE ACT 1990 | ||
| 650 | _aMODIFICATION | ||
| 650 | _aREGISTERED HOMES ACT 1984 | ||
| 650 | _aREGISTRATION | ||
| 650 | _aRESIDENTIAL HOMES | ||
| 650 | _aRESTRICTIVE COVENANTS | ||
| 650 | _aTOWN AND COUNTRY PLANNING (USE CLASSES) ORDER 1987 | ||
| 690 | _aHOUSING | ||
| 690 | _aPLANNING LAW AND PRACTICE | ||
| 690 | _aPROPERTY LAW AND PRACTICE | ||
| 942 | _n0 | ||
| 948 | _c04/03/1997 | ||
| 999 |
_c47746 _d47746 |
||